Team Avatar in the Last Airbender - Statistics

General Stats
  • This quiz has been taken 46 times
  • The average score is 7 of 7
Answer Stats
Bending style Character % Correct
Air Aang
100%
Water Katara
100%
None Sokka
100%
Earth Toph
100%
Fire Zuko
100%
- Appa
85%
- Momo
80%
No matching quizzes found
Score Distribution
Percent of People with Each Score
Percentile by Number Answered
Your Score History
You have not taken this quiz